Tiempos Del Cólera P310-320 - Statistics

General Stats
  • This quiz has been taken 6 times
  • The average score is 21 of 50
Answer Stats
Term Answer % Correct
Edificar Build
100%
Efímero Ephemeral
100%
Fluvial River
100%
Solazar Amuse
50%
Manzanilla Camomile
50%
Blasón Coat Of Arms
50%
Cresta Crest
50%
Pintorretear Daub
50%
Despótico Despotic
50%
Desprovisto Devoid Of
50%
Lejanía Distance
50%
Solazarse Enjoy Oneself
50%
Hacienda Estate
50%
Aspaviento Fuss
50%
Ventarrón Gale
50%
Galante Gallant
50%
Alborozo Jubilation
50%
Lanza Lance
50%
Espejismo Mirage
50%
Encinta Pregnant
50%
Cuca Pussy
50%
Navaja Razor
50%
Desahogo Relief
50%
Revender Resell
50%
Reposo Rest
50%
Tropiezo Setback
50%
Enfermizo Sickly
50%
Navajazo Slash
50%
Soberano Sovereign
50%
Sembrar Sow
50%
Cepa Stump
50%
Capitular Surrender
50%
Golondrina Swallow
50%
Vaina Thing
50%
Perfidia Treachery
50%
Tesorería Treasury
50%
Trementina Turpentine
50%
Ordinariez Vulgarity
50%
Hastiar Weary
50%
Estribillo Chorus
0%
Tornadizo Fickle
0%
Blenorragia Gonorrhoea
0%
Tisana Herbal Tea
0%
Empeine Instep
0%
Sarna Mange
0%
Incordio Nuisance
0%
Cizalla Shears
0%
Barbera Straight Razor
0%
Embrollar Tangle Up
0%
Galanura Tastefulness
0%
No matching quizzes found
Score Distribution
Percent of People with Each Score
Percentile by Number Answered
Your Score History
You have not taken this quiz